MDQL
is popping MORE tags! Check the
thread
!
Quizzes
Events
Quiz Creation
Community
Videos
Private Events
Remove Ads
Sign In
Join for FREE
Feedback
Dark Mode
Quiz Categories
Sports
Geography
Music
Movies
Television
Just For Fun
Miscellaneous
History
Literature
Language
Science
Gaming
Entertainment
Religion
Holiday
For Kids
Quiz Lab
Recent
Popular Today
Quiz Kudos Today
Editor Picks
Curator Picks
Quizzes by...
Day
Popularity
Type
Ratings
Length
Year
Community
Subscriptions
Recent Discussions
Orange Saloon
Badges
Playlists
Quests
Create
Leaderboards
Showdown
Live 5
Trivia Bingo
Activity
Puzzle Library
Sporcle Events
Private Events
Virtual Trivia
Globe League
Become a Host
Pub Owners
SporcleCon
Opinionation
Our Games
Videos
Blog
Mobile Apps
Partnerships
Remove Ads and Go Orange
Feedback
Sports
Athletes
MLB
NBA
NHL
NFL
Soccer
Sports Teams
WWE
NCAA
Football
Premier League
Basketball
Baseball
Hockey
Golf
Tennis
Cricket
Rugby
Auto Racing
Olympics
World Cup
Sports
Athletes
MLB
NBA
NHL
NFL
Soccer
Sports Teams
WWE
NCAA
Football
Premier League
Basketball
Baseball
Hockey
Golf
Tennis
Cricket
Rugby
Auto Racing
Olympics
World Cup
Random Quiz
Search Sporcle
×
Quiz Lab
Quiz Lab
Sports
WWE
Type in answers that appear in a list
Type in answers that appear in a list
Classic
Best Score? Go Orange.
WWE 2016 Royal Rumble Participants Stats
Can you name the WWE 2016 Royal Rumble Participants?
By
mattemery26
7m
30 Questions
292 Plays
292 Plays
292 Plays
Comments
Comments
Give Quiz Kudos
Give Quiz Kudos
-
- Ratings
hide this ad
Replay
Link that replays current quiz
Next Quiz
Link to next quiz in quiz playlist
You Got
0%
They Got
Avg Score
78%
Avg Friend Score
Upgrade to see
Score Distribution
Jump to the score distribution portion of the page
Score
0/30
Timer
07:00
0
Plays Today
Numbers
Answer
% Correct
1
Roman Reigns
97.3%
30
Triple H
95.5%
19
Dean Ambrose
91.8%
2
Rusev
90.8%
29
Sheamus
89%
3
AJ Styles
88.7%
27
Bray Wyatt
88%
18
Kevin Owens
84.9%
13
Luke Harper
84.6%
17
Braun Strohmann
83.6%
21
Erick Rowan
82.2%
10
Kofi Kingston
81.5%
23
Brock Lesnar
81.5%
6
Chris Jericho
81.2%
7
Kane
80.5%
Numbers
Answer
% Correct
28
Doiph Ziggler
80.1%
15
Big Show
79.5%
20
Sami Zayn
77.7%
25
The Miz
76%
26
Alberto Del Rio
75.7%
8
Goldust
74%
4
Tyler Breeze
71.2%
5
Curtis Axel
71.2%
22
Mark Henry
69.5%
14
Stardust
68.5%
12
R-Truth
66.4%
9
Ryback
63%
16
Neville
59.9%
24
Jack Swagger
59.9%
11
Titus O'Neil
58.2%
Quiz Playlist
Details
Report
Send in Message
Add To Playlist
Classic:
Type in answers that appear in a list
Last Updated: Aug 31, 2017
Quiz Scoreboard
CHALLENGE
Sign Up to Join the Scoreboard
Show All
Scores
Hide
Comments
May contain spoilers
Recently Published
Find the 'City' Movie
by crazypaving
Movies
60s
5x2 Blitz: Bands
by SL_Kpop136
Music
30s
Colored Red Africa Blitz
by spor1
Geography
30s
More to Explore
Quiz From the Vault
Featured Blog Post
14 Easter Pick-up Lines to Find Eggs With
hide this ad
You Might Also Like...
Tags
WWE Quiz
2016
participant
Royal
Royal Rumble
rumble
Today's Top Quizzes in Sports
Browse Sports
hide this ad
Today's Top Quizzes in WWE
Browse WWE
Top Contributed Quizzes in Sports
1
Players with Multiple 50 Home Run Seasons
2
Criteria MLB: Left Handed Sluggers
3
MLB Players with Two .350 Batting Average Seasons
4
Who Hit More Homers?
5
Premier League Clubs since 2000 (minefield)
6
Who Needs Fielders?
7
2020 F1 Drivers Logic Puzzle
8
Les entraîneurs de l'OM et du PSG au 21e siècle
9
Top 10 NHL Goal Scorers of All Time
10
MLB Hall of Famer by Rings
Explore More
Trending Topics
Crossword
Kpop
Anime
NBA
Harry Potter
Marvel
Disney
Pokémon
Puzzle
WWE
Country
Song
Soccer
The Office
NFL
hide this ad
More By:
mattemery26
Quiz
Plays
Rating
Category
Featured
Created
WWE 2019 Royal Rumble (Men's) (Slideshow)
6,045
4.00
Sports
Jan 28, 2019
WWE 2020 Men's Royal Rumble (Slideshow)
2,572
5.00
Sports
Jan 27, 2020
WWE Roster Slideshow
2,284
5.00
Sports
Jan 29, 2020
WWE 2019 Royal Rumble (Women's) (Slideshow)
1,921
5.00
Sports
Jan 28, 2019
WWE 2020 Women's Royal Rumble (Slideshow)
1,617
5.00
Sports
Jan 27, 2020
Go to Creator's Profile
Score Distribution
Quiz Creator Spotlight
mattemery26
Follow
Send a Message
Quizzes Created
-
Created Quiz Play Count
-
More By This Creator
Popular Quizzes Today
1
Colored Red Africa Blitz
2
Find the 'City' Movie
3
5x2 Blitz: Bands
4
Find the US States - No Outlines Minefield
5
The Countries of the World
6
Find the US States
7
9x9 Crossword: Cartoon Network
8
US States
More Sports Quizzes
2005 Formula 1 Driver Photo
Quiz Lab
Trending Quizzes
Colored Red Europe Blitz I
Colored Red Africa Blitz II
Colored Red Africa Blitz III
Colored Red Europe Blitz III
Colored Red Europe Blitz II
Recently Updated
Champions League XIs: Real Madrid
pecheneg
Largest US Cities 1790-2010
pecheneg
Rides in Walt Disney World
pecheneg
Most Oscar Losses (Acting)
pecheneg
Beyoncé Albums
pecheneg
Leaping Animals
pecheneg
Reality TV Shows (A-Z)
bhenderson79
Rickey Henderson's Hall of Fame Teammates
pecheneg
Champions League XIs: Arsenal
pecheneg
Quick Pick: Celebrities in WWE's Hall of Fame
aduchscher
Trending Topics
Harry Potter
Disney
Marvel
Crossword
Kpop
Anime
NBA
Pokémon
Song
Soccer
Country
WWE
NFL
Puzzle
The Office
Your Account Isn't Verified!
In order to create a playlist on Sporcle, you need to verify the email address you used during registration. Go to your
Sporcle Settings
to finish the process.
Report this User
Report this user for behavior that violates our
Community Guidelines
.
Details:
Send Report
Go to the Sporcle.com Mobile Site →
Comments